000184221 001__ 184221
000184221 005__ 20240207151509.0
000184221 0247_ $$2doi$$a10.15120/GR-2015-1-FG-CS-09
000184221 037__ $$aGSI-SR2014-FG-CS-09
000184221 041__ $$aEnglish
000184221 0881_ $$aGSI Report 2015-1
000184221 088__ $$2GSI$$aGSI Report 2015-1
000184221 1001_ $$0P:(DE-HGF)0$$aCiobanu, M. I.$$b0
000184221 245__ $$aNew tests of large area Continuous Position Sensitive Diamond Detector
000184221 260__ $$aDarmstadt$$bGSI Helmholtzzentrum für Schwerionenforschung$$c2015
000184221 29510 $$aScientific Report 2014
000184221 300__ $$a516 p.
000184221 3367_ $$2DRIVER$$abookPart
000184221 3367_ $$2BibTeX$$aINBOOK
000184221 3367_ $$07$$2EndNote$$aBook Section
000184221 3367_ $$0PUB:(DE-HGF)7$$2PUB:(DE-HGF)$$aContribution to a book$$bcontb$$mcontb$$s1451339735_12921
000184221 3367_ $$0PUB:(DE-HGF)15$$2PUB:(DE-HGF)$$aInternal Report$$mintrep
000184221 4900_ $$aGSI Report$$v2015-1$$x0171-4546
000184221 4900_ $$aGSI Scientific Report$$v2014$$x0174-0814
000184221 536__ $$0G:(DE-HGF)POF2-899$$a899 - ohne Topic (POF2-899)$$cPOF2-899$$fPOF I$$x0
000184221 536__ $$0G:(DE-HGF)POF2-53G33$$a53G - SIS 18 / UNILAC (POF2-53G33)$$cPOF2-53G33$$fPOF II$$x1
000184221 7001_ $$0P:(DE-HGF)0$$aPomorski, M.$$b1
000184221 7001_ $$0P:(DE-Ds200)OR0102$$aBerdermann, E.$$b2$$ugsi
000184221 7001_ $$0P:(DE-HGF)0$$aBunescu, C.$$b3
000184221 7001_ $$0P:(DE-HGF)0$$aComisel, H.$$b4
000184221 7001_ $$0P:(DE-HGF)0$$aConstantinescu, V.$$b5
000184221 7001_ $$0P:(DE-Ds200)OR0581$$aKis, M.$$b6$$ugsi
000184221 7001_ $$0P:(DE-HGF)0$$aMarghitu, O.$$b7
000184221 7001_ $$0P:(DE-Ds200)OR1660$$aTräger, M.$$b8$$ugsi
000184221 7001_ $$0P:(DE-Ds200)OR1346$$aVoss, K.$$b9$$ugsi
000184221 7001_ $$0P:(DE-Ds200)OR1390$$aWieczorek, P.$$b10$$ugsi
000184221 773__ $$a10.15120/GR-2015-1-FG-CS-09
000184221 8564_ $$uhttps://repository.gsi.de/record/184221/files/FG-CS-09.pdf$$yOpenAccess
000184221 909CO $$ooai:repository.gsi.de:184221$$pdnbdelivery$$pdriver$$pVDB$$popen_access$$popenaire$$qec_fundedresources
000184221 9101_ $$0I:(DE-Ds200)20121206GSI$$6P:(DE-Ds200)OR0102$$aGSI Helmholtzzentrum für Schwerionenforschung GmbH$$b2$$kGSI
000184221 9101_ $$0I:(DE-Ds200)20121206GSI$$6P:(DE-Ds200)OR0581$$aGSI Helmholtzzentrum für Schwerionenforschung GmbH$$b6$$kGSI
000184221 9101_ $$0I:(DE-Ds200)20121206GSI$$6P:(DE-Ds200)OR1660$$aGSI Helmholtzzentrum für Schwerionenforschung GmbH$$b8$$kGSI
000184221 9101_ $$0I:(DE-Ds200)20121206GSI$$6P:(DE-Ds200)OR1346$$aGSI Helmholtzzentrum für Schwerionenforschung GmbH$$b9$$kGSI
000184221 9101_ $$0I:(DE-Ds200)20121206GSI$$6P:(DE-Ds200)OR1390$$aGSI Helmholtzzentrum für Schwerionenforschung GmbH$$b10$$kGSI
000184221 9131_ $$0G:(DE-HGF)POF2-899$$1G:(DE-HGF)POF2-890$$2G:(DE-HGF)POF2-800$$3G:(DE-HGF)POF2$$4G:(DE-HGF)POF$$aDE-HGF$$bProgrammungebundene Forschung$$lohne Programm$$vohne Topic$$x0
000184221 9131_ $$0G:(DE-HGF)POF2-53G33$$1G:(DE-HGF)POF2-530$$2G:(DE-HGF)POF2-500$$3G:(DE-HGF)POF2$$4G:(DE-HGF)POF$$aDE-HGF$$bStruktur der Materie$$lPhysik der Hadronen und Kerne$$vSIS 18 / UNILAC$$x1
000184221 9141_ $$y2014
000184221 915__ $$0StatID:(DE-HGF)0510$$2StatID$$aOpenAccess
000184221 915__ $$0LIC:(DE-HGF)CCBY3$$2HGFVOC$$aCreative Commons Attribution CC BY 3.0
000184221 9201_ $$0I:(DE-Ds200)DTL-20051214OR031$$kDTL$$lDetektorlabor$$x0
000184221 9201_ $$0I:(DE-Ds200)BUD-20051214OR030$$kBUD$$lBibliothek & Dokumentation$$x1
000184221 970__ $$aGSI-SR2014-FG-CS-09
000184221 9801_ $$aFullTexts
000184221 9801_ $$aGSIasPublisher
000184221 9801_ $$aGSI Scientific Report 2014
000184221 9801_ $$aGSI Scientific Report
000184221 9801_ $$aGSI Report 2015
000184221 9801_ $$aGSI Report
000184221 9801_ $$aJahresbericht
000184221 980__ $$acontb
000184221 980__ $$aVDB
000184221 980__ $$aintrep
000184221 980__ $$aI:(DE-Ds200)20121002OR031
000184221 980__ $$aI:(DE-Ds200)DTL-20051214OR031
000184221 980__ $$aI:(DE-Ds200)20120319OR030
000184221 980__ $$aI:(DE-Ds200)BUD-20051214OR030
000184221 980__ $$aUNRESTRICTED